The age of mammals : the Cenozoic era / by Dougal ... Read More
Available copies
- 1 of 1 copy available at LARL/NWRL Consortium.
- 1 of 1 copy available at Lake Agassiz Regional Library. (Show preferred library)
Current holds
0 current holds with 1 total copy.
Show Only Available Copies
| Location | Call Number / Copy Notes | Barcode | Shelving Location | Status | Due Date |
|---|---|---|---|---|---|
| Moorhead Public Library | J 569 DIX (Text) | 33500014394977 | New | Available | - |
Record details
- ISBN: 9798895777404
- Physical Description: 48 pages : color illustrations, color maps ; 24 ... Read More
- Publisher: Bloomington, MN : Bearport Publishing, [2026]
Content descriptions
| General Note: | "Ursa." |
| Bibliography, etc. Note: | Includes bibliographical references and index. |
| Formatted Contents Note: | After extinction -- Plant life of the Paleocene -- ... Read More |
| Summary, etc.: | Explores what life was like on Earth during the ... Read More |
| Target Audience Note: | 5-8. |
Search for related items by subject
| Subject: | Mammals, Fossil. Paleontology. |
Search for related items by series
| LDR | 01943nam a2200409 i 4500 | ||
|---|---|---|---|
| 001 | 489618 | ||
| 003 | LARL_NWRL_CONSORTIUM | ||
| 005 | 20260609171320.0 | ||
| 008 | 260203s2026 mnuab j b 001 0 eng d | ||
| 040 | . | ‡aMACKN ‡beng ‡erda ‡cMACKN ‡dOCLCO ‡dOCLCQ | |
| 020 | . | ‡a9798895777404 | |
| 035 | . | ‡a(OCoLC)1575160036 | |
| 082 | 0 | 4. | ‡a569 ‡223 |
| 100 | 1 | . | ‡aDixon, Dougal, ‡eauthor. ‡0(LARL_NWRL_CONSORTIUM)68270 |
| 245 | 1 | 4. | ‡aThe age of mammals : ‡bthe Cenozoic era / ‡cby Dougal Dixon. |
| 264 | 1. | ‡aBloomington, MN : ‡bBearport Publishing, ‡c[2026] | |
| 300 | . | ‡a48 pages : ‡bcolor illustrations, color maps ; ‡c24 cm. | |
| 336 | . | ‡atext ‡btxt ‡2rdacontent | |
| 337 | . | ‡aunmediated ‡bn ‡2rdamedia | |
| 338 | . | ‡avolume ‡bnc ‡2rdacarrier | |
| 490 | 0 | . | ‡aPrehistoric life |
| 500 | . | ‡a"Ursa." | |
| 504 | . | ‡aIncludes bibliographical references and index. | |
| 505 | 0 | . | ‡aAfter extinction -- Plant life of the Paleocene -- Darwinius -- Megacerops -- Daeodon -- Deinotherium -- Basilosaurus -- Kelenken -- Megalogon -- Homo sapiens -- The Ice Age -- Woolly mammoth -- Woolly rhinoceros -- Glossotherium -- Titanis -- Doedicurus -- Smilodon -- Aurochs -- Irish elk -- Life in the Anthropocene. |
| 520 | . | ‡aExplores what life was like on Earth during the Cenozoic era and profiles different mammals and other prehistoric creatures that lived during the era. Also discusses what happened to end the Cenozoic era. Includes digital illustrations, a quiz, reflection questions, a glossary, and further resources. | |
| 521 | 2 | . | ‡a5-8. |
| 650 | 0. | ‡aMammals, Fossil. ‡0(LARL_NWRL_CONSORTIUM)25007 | |
| 650 | 0. | ‡aPaleontology. ‡0(LARL_NWRL_CONSORTIUM)27499 | |
| 856 | 4 | 2. | ‡3View cover image provided by Mackin ‡uhttps://search.mackin.com/book-pic?isbn=9798895777404 |
| 936 | . | ‡aBATCHLOAD | |
| 901 | . | ‡a489618 ‡bAUTOGEN ‡c489618 ‡tbiblio | |

Add to basket
Permalink
Disable Highlighting